| 000 | 00856nam a2200265 a 4500 | ||
|---|---|---|---|
| 008 | 040324s1973||||xo r 0 slo c | ||
| 040 |
_aSNK _bslo _cSNK _eAACR2 |
||
| 041 | 1 | _aslo | |
| 044 |
_axo _cSK |
||
| 080 | _a885.4-3 | ||
| 080 | _a943.76"0173/0175" | ||
| 100 | 1 |
_aMartinka, Jozef _4aut |
|
| 245 | 1 | 0 |
_aPredkovia _cJožo Martinka ; doslov nap. Jozef Felix |
| 250 | _a2. vyd. | ||
| 260 |
_aBratislava _bTatran _c1973 _eKošice _fVýchodoslovenské tlačiarne |
||
| 300 |
_a167, [3] s., 8 s. fot. príl. _c8ř |
||
| 490 | 0 |
_aSlovenská tvorba _vzv. 54 |
|
| 500 | _aPozn. Frontispice. Význam niekt. menej použ. slov | ||
| 500 | _a3000 výtl. | ||
| 650 | 0 | 7 |
_alégie rímske _zSlovensko _xboje _y173-175 _xrozprávanie _2SNK |
| 651 | 0 | 7 |
_aSlovensko _xdejiny _y173-175 _xrozprávanie _2SNK |
| 700 | 1 |
_aFelix, Jozef _4aui |
|
| 020 | _c13 | ||
| 958 | _aAUL | ||
| 999 |
_c12235 _d12235 |
||